000 00612nam a2200205 u 4500
005 20210219161447.0
008 120627s2004 r 000 0 eng d
020 _a9703701469
035 _aUPN01000185501
049 _aCG
050 4 _aF1232 M6
_bE8.4
100 1 _aEstrada Michel, Rafael,
_d1973-
245 1 0 _aJose María Morelos /
_cRafael Estrada Michel.
260 _aMéxico :
_bPlaneta,
_c2004.
300 _a107 p.
440 0 _aBooket.
_pDivulgación.
_pGrandes protagonistas de la historia mexicana
600 1 4 _aMORELOS Y PAVON, JOSE MARIA,
_d1765-1815
905 _aLibro
999 _c157604
_d157604